[Event "Montreal Mercredi 02"]
[Site "Montreal CAN"]
[Date "2008.02.27"]
[Round "2"]
[White "Berthiaume, Yves"]
[Black "Dardoura, Khaled"]
[Result "0-1"]
[WhiteElo "1337"]
[BlackElo "1401"]
[PlyCount "118"]
[GameId "2160767910413407"]
[EventDate "2008.02.20"]
[EventType "tourn"]
[EventRounds "5"]
[EventCountry "CAN"]
[SourceTitle "EXT 2011"]
[Source "ChessBase"]
[SourceDate "2011.11.26"]
[SourceVersion "1"]
[SourceVersionDate "2011.11.26"]
[SourceQuality "1"]

1. e4 e6 2. d4 d5 3. e5 c5 4. c3 Qb6 5. Nf3 Nc6 6. Bd3 Nh6 7. O-O Nf5 8. Bxf5 exf5 9. Re1 Be6 10. a4 a5 11. Na3 cxd4 12. cxd4 Bb4 13. Re2 Na7 14. Bd2 O-O 15. Bxb4 axb4 16. Qb3 Rfc8 17. Rc2 Rxc2 18. Nxc2 Nc6 19. h3 Rc8 20. Rd1 h6 21. Na3 Na5 22. Qd3 bxa3 23. bxa3 Qb3 24. Qxb3 Nxb3 25. Rb1 Rc1+ 26. Rxc1 Nxc1 27. Kf1 Bd7 28. Ke1 Bxa4 29. Kd2 Na2 30. Ne1 Kf8 31. Nd3 b6 32. f4 Ke7 33. h4 Kd7 34. Nf2 Kc6 35. g4 fxg4 36. Nxg4 Kb5 37. Ne3 Kc6 38. Nf5 Bb3 39. Nd6 f6 40. Ne8 fxe5 41. fxe5 g5 42. hxg5 hxg5 43. Nf6 b5 44. Ng8 Kd7 45. Nf6+ Ke6 46. Ng4 Ba4 47. Ne3 b4 48. axb4 Nxb4 49. Ng4 Nc6 50. Ke3 Bd1 51. Nf2 Bh5 52. Nh3 Kf5 53. e6 Ne7 54. Ng1 Kxe6 55. Nh3 Kf5 56. Ng1 Bg4 57. Nf3 Bxf3 58. Kxf3 g4+ 59. Ke3 Nc6 0-1

[Event "Montreal Mercredi 02"]
[Site "Montreal CAN"]
[Date "2008.02.27"]
[Round "2"]
[White "Bolduc, Rene"]
[Black "Guindon, Alex"]
[Result "0-1"]
[WhiteElo "1444"]
[BlackElo "1414"]
[PlyCount "56"]
[GameId "2160767910413408"]
[EventDate "2008.02.20"]
[EventType "tourn"]
[EventRounds "5"]
[EventCountry "CAN"]
[SourceTitle "EXT 2011"]
[Source "ChessBase"]
[SourceDate "2011.11.26"]
[SourceVersion "1"]
[SourceVersionDate "2011.11.26"]
[SourceQuality "1"]

1. e4 e5 2. Nc3 Nf6 3. Bc4 Bc5 4. d3 O-O 5. Bg5 h6 6. h4 Be7 7. Bxf6 Bxf6 8. Qh5 Nc6 9. g4 Ne7 10. g5 g6 11. Qxh6 Bg7 12. Qxg7+ Kxg7 13. h5 gxh5 14. O-O-O Rh8 15. Nf3 d6 16. Nh4 Be6 17. Rdf1 Bxc4 18. dxc4 c6 19. Nf5+ Nxf5 20. exf5 Qxg5+ 21. f4 Qxf5 22. Rhg1+ Kf8 23. Rg5 Qh7 24. fxe5 Qh6 25. Ne4 dxe5 26. Rf6 Qh7 27. Nd6 Ke7 28. Rgf5 Qxf5 0-1

[Event "Montreal Mercredi 02"]
[Site "Montreal CAN"]
[Date "2008.02.27"]
[Round "2"]
[White "Chenard, Yanick"]
[Black "Chesnut, Walter"]
[Result "0-1"]
[WhiteElo "1450"]
[BlackElo "1498"]
[PlyCount "60"]
[GameId "2160767910413409"]
[EventDate "2008.02.20"]
[EventType "tourn"]
[EventRounds "5"]
[EventCountry "CAN"]
[SourceTitle "EXT 2011"]
[Source "ChessBase"]
[SourceDate "2011.11.26"]
[SourceVersion "1"]
[SourceVersionDate "2011.11.26"]
[SourceQuality "1"]

1. d4 d5 2. c4 c6 3. Nc3 Nf6 4. e3 Bf5 5. cxd5 cxd5 6. Qb3 Bc8 7. Nf3 a6 8. Bd3 e6 9. O-O Be7 10. Bd2 O-O 11. Na4 Nbd7 12. Rac1 b5 13. Nc3 Nb6 14. Ne5 Nc4 15. Qc2 Bd6 16. f4 h6 17. b3 Nxd2 18. Qxd2 Bb7 19. g4 Ne4 20. Nxe4 dxe4 21. Bb1 Qh4 22. Qg2 Bxe5 23. dxe5 Rac8 24. Rcd1 Rc3 25. Rfe1 Rfc8 26. h3 Bd5 27. Kh2 Kf8 28. Bxe4 Bxe4 29. Qxe4 Rc2+ 30. Kg1 Qg3+ 0-1

[Event "Montreal Mercredi 02"]
[Site "Montreal CAN"]
[Date "2008.02.27"]
[Round "2"]
[White "Cyr, Marcel"]
[Black "Tong, Tan Guang"]
[Result "0-1"]
[WhiteElo "1384"]
[BlackElo "1410"]
[PlyCount "76"]
[GameId "2160767910413410"]
[EventDate "2008.02.20"]
[EventType "tourn"]
[EventRounds "5"]
[EventCountry "CAN"]
[SourceTitle "EXT 2011"]
[Source "ChessBase"]
[SourceDate "2011.11.26"]
[SourceVersion "1"]
[SourceVersionDate "2011.11.26"]
[SourceQuality "1"]

1. e4 e5 2. Nf3 Nc6 3. Bc4 Nf6 4. Ng5 d5 5. exd5 Na5 6. Bb5+ c6 7. dxc6 bxc6 8. Bd3 h6 9. Ne4 Nxe4 10. Bxe4 Be7 11. d3 O-O 12. O-O f5 13. Bf3 g5 14. Bd2 Bd7 15. Bc3 g4 16. Be2 Bd6 17. g3 h5 18. Qd2 Bc7 19. Re1 c5 20. Bf1 Nc6 21. Bg2 Qf6 22. Na3 Rae8 23. Nc4 Nd4 24. Bxd4 cxd4 25. Bd5+ Kg7 26. Bg2 h4 27. Re2 h3 28. Bh1 f4 29. Rf1 fxg3 30. hxg3 h2+ 31. Kxh2 Rh8+ 32. Kg1 Rxh1+ 33. Kxh1 Rh8+ 34. Kg1 Qf3 35. Qg5+ Kf7 36. Qh4 Rxh4 37. gxh4 Qxe2 38. Rc1 Bc6 0-1

[Event "Montreal Mercredi 02"]
[Site "Montreal CAN"]
[Date "2008.02.27"]
[Round "2"]
[White "Giroux, Robert"]
[Black "Gauthier, Luc"]
[Result "1-0"]
[WhiteElo "1949"]
[BlackElo "1804"]
[PlyCount "77"]
[GameId "2160767910413412"]
[EventDate "2008.02.20"]
[EventType "tourn"]
[EventRounds "5"]
[EventCountry "CAN"]
[SourceTitle "EXT 2011"]
[Source "ChessBase"]
[SourceDate "2011.11.26"]
[SourceVersion "1"]
[SourceVersionDate "2011.11.26"]
[SourceQuality "1"]

1. e4 Nf6 2. e5 Nd5 3. d4 d6 4. c4 Nb6 5. exd6 exd6 6. Nc3 Be7 7. Bd3 Nc6 8. Nge2 Bg4 9. f3 Bh5 10. O-O O-O 11. Nf4 Bg6 12. Nxg6 hxg6 13. b3 Bf6 14. Be3 Nxd4 15. Bxg6 Nxf3+ 16. Qxf3 fxg6 17. Bf2 c6 18. Rad1 Bxc3 19. Qxc3 d5 20. Qg3 Rf6 21. Rfe1 Qd7 22. c5 Nc8 23. Qe5 Kf7 24. Bh4 Re6 25. Qf4+ Kg8 26. Rf1 Ne7 27. Qf7+ Kh7 28. Rf3 Re2 29. Bxe7 Rxe7 30. Qf4 Rae8 31. Qh4+ Kg8 32. Rh3 Re5 33. Qh7+ Kf7 34. Rf1+ Rf5 35. Rhf3 Ree5 36. g4 Rxf3 37. Rxf3+ Ke7 38. Qxg7+ Kd8 39. Qxe5 1-0

[Event "Montreal Mercredi 02"]
[Site "Montreal CAN"]
[Date "2008.02.27"]
[Round "2"]
[White "Landry, Martin"]
[Black "Turcotte, Jonathan"]
[Result "0-1"]
[WhiteElo "1557"]
[BlackElo "1590"]
[PlyCount "70"]
[GameId "2160767739119980"]
[EventDate "2008.02.20"]
[EventType "tourn"]
[EventRounds "5"]
[EventCountry "CAN"]
[SourceTitle "EXT 2011"]
[Source "ChessBase"]
[SourceDate "2011.11.26"]
[SourceVersion "1"]
[SourceVersionDate "2011.11.26"]
[SourceQuality "1"]

1. d4 d5 2. c4 e6 3. Nc3 Nf6 4. Bg5 Be7 5. Nf3 h6 6. Bd2 O-O 7. e3 b6 8. cxd5 exd5 9. Bd3 c5 10. h3 Bb7 11. O-O Nbd7 12. Re1 Ne4 13. Rc1 Bf6 14. Ne2 Re8 15. Bc3 Nf8 16. Bb5 Re7 17. Nf4 a6 18. Ba4 Ne6 19. Nh5 Rc7 20. Bc2 Be7 21. Ne5 Rac8 22. f3 Nd6 23. Qd3 Nf8 24. dxc5 bxc5 25. Ba5 c4 26. Qd2 Bh4 27. Bxc7 Bxe1 28. Qxe1 Rxc7 29. Qg3 Qg5 30. Ng4 Ne8 31. Qe5 Qxe5 32. Nxe5 Ne6 33. Kf2 Nd6 34. Ng3 f6 35. Bf5 Nxf5 {...} 0-1

[Event "Montreal Mercredi 02"]
[Site "Montreal CAN"]
[Date "2008.02.27"]
[Round "2"]
[White "Lemieux, Serge"]
[Black "Beladel, Brahim"]
[Result "0-1"]
[WhiteElo "1644"]
[BlackElo "1691"]
[PlyCount "96"]
[GameId "2160767910413413"]
[EventDate "2008.02.20"]
[EventType "tourn"]
[EventRounds "5"]
[EventCountry "CAN"]
[SourceTitle "EXT 2011"]
[Source "ChessBase"]
[SourceDate "2011.11.26"]
[SourceVersion "1"]
[SourceVersionDate "2011.11.26"]
[SourceQuality "1"]

1. e4 e5 2. Nf3 Nf6 3. d3 Nc6 4. Be2 Bc5 5. Bg5 d6 6. Nc3 Be6 7. Qd2 a6 8. a3 Ba7 9. h3 Nd4 10. Nxd4 Bxd4 11. O-O c6 12. Nd1 h6 13. Be3 c5 14. c3 Bxe3 15. Nxe3 Qd7 16. Kh2 d5 17. exd5 Nxd5 18. c4 Nf4 19. g4 h5 20. Nf5 Bxf5 21. gxf5 Qxf5 22. Qe3 Rd8 23. Rad1 O-O 24. Rg1 Rd6 25. Rg3 Rfd8 26. Rdg1 Rg6 27. Bf1 Rxg3 28. Rxg3 b6 29. h4 Qf6 30. Rg5 Re8 31. f3 Qe6 32. Qg1 g6 33. Qe3 a5 34. b3 f6 35. Rg3 Kg7 36. Bh3 Nxh3 37. Rxh3 Qf5 38. Rg3 Rd8 39. Qe4 Kh6 40. Qe3+ Kh7 41. f4 Qxf4 42. Qe4 Qxe4 43. dxe4 Rd4 44. Re3 a4 45. Kg3 Kg7 46. Kf3 Kf7 47. Rc3 f5 48. Re3 Rxe4 0-1

[Event "Montreal Mercredi 02"]
[Site "Montreal CAN"]
[Date "2008.02.27"]
[Round "2"]
[White "Millette, Sylvain"]
[Black "Baran, Marius"]
[Result "1-0"]
[WhiteElo "1625"]
[BlackElo "1591"]
[PlyCount "59"]
[GameId "2160767910413414"]
[EventDate "2008.02.20"]
[EventType "tourn"]
[EventRounds "5"]
[EventCountry "CAN"]
[SourceTitle "EXT 2011"]
[Source "ChessBase"]
[SourceDate "2011.11.26"]
[SourceVersion "1"]
[SourceVersionDate "2011.11.26"]
[SourceQuality "1"]

1. Nf3 d5 2. g3 Nf6 3. Bg2 Bg4 4. O-O e6 5. b3 c5 6. Bb2 Nc6 7. d4 Rc8 8. Nbd2 Bd6 9. h3 Bh5 10. Rc1 O-O 11. c4 cxd4 12. cxd5 Nxd5 13. Nxd4 Nce7 14. N2f3 Qa5 15. e4 Qxa2 16. Qe2 Qa5 17. exd5 Nxd5 18. Qb5 Qxb5 19. Nxb5 Bb8 20. Be5 Bxe5 21. Nxe5 a6 22. Nd6 Rc3 23. Rxc3 Nxc3 24. Nxb7 f6 25. Nd7 Rf7 26. Ndc5 Re7 27. Nxa6 Be2 28. Ra1 Bb5 29. Nd6 Bd3 30. Nc5 1-0

[Event "Montreal Mercredi 02"]
[Site "Montreal CAN"]
[Date "2008.02.27"]
[Round "2"]
[White "Sonn, Eric"]
[Black "Savard, Alain"]
[Result "1-0"]
[WhiteElo "1652"]
[BlackElo "1688"]
[PlyCount "21"]
[GameId "2160767910413415"]
[EventDate "2008.02.20"]
[EventType "tourn"]
[EventRounds "5"]
[EventCountry "CAN"]
[SourceTitle "EXT 2011"]
[Source "ChessBase"]
[SourceDate "2011.11.26"]
[SourceVersion "1"]
[SourceVersionDate "2011.11.26"]
[SourceQuality "1"]

1. e4 e6 2. d4 d5 3. Nc3 Bb4 4. e5 c5 5. a3 Bxc3+ 6. bxc3 Qc7 7. Bd3 Nc6 8. Nf3 cxd4 9. cxd4 Nxd4 10. Nxd4 Qc3+ 11. Qd2 1-0

[Event "Montreal Mercredi 02"]
[Site "Montreal CAN"]
[Date "2008.02.27"]
[Round "2"]
[White "Teasdale, Alain"]
[Black "Maharisoa, Tantely"]
[Result "1/2-1/2"]
[WhiteElo "1555"]
[BlackElo "1576"]
[PlyCount "95"]
[GameId "2160767910413416"]
[EventDate "2008.02.20"]
[EventType "tourn"]
[EventRounds "5"]
[EventCountry "CAN"]
[SourceTitle "EXT 2011"]
[Source "ChessBase"]
[SourceDate "2011.11.26"]
[SourceVersion "1"]
[SourceVersionDate "2011.11.26"]
[SourceQuality "1"]

1. e4 c5 2. Nf3 e6 3. d4 cxd4 4. Nxd4 Nf6 5. Nc3 d6 6. Be2 Be7 7. Be3 Nc6 8. O-O O-O 9. f4 a6 10. a4 Bd7 11. Bf3 Qc7 12. g4 Nxd4 13. Bxd4 e5 14. Be3 Qc8 15. g5 Ng4 16. Nd5 Bd8 17. Bc1 exf4 18. Bxf4 Qc5+ 19. Kg2 Ne5 20. b4 Qc8 21. Be2 Bh3+ 22. Kg3 Bxf1 23. Bxf1 Re8 24. c4 Nxc4 25. Rc1 b5 26. Qf3 Qe6 27. Bxc4 bxc4 28. Rxc4 Rc8 29. Rxc8 Qxc8 30. Bxd6 Qe6 31. e5 Qg6 32. h4 h6 33. Nf4 Qf5 34. gxh6 gxh6 35. Qg4+ Qxg4+ 36. Kxg4 Be7 37. Kf5 Bxh4 38. b5 axb5 39. axb5 Bf2 40. Nd5 Re6 41. b6 Kh7 42. b7 Ba7 43. b8=Q Bxb8 44. Bxb8 Rg6 45. Nf6+ Kg7 46. Ne8+ Kf8 47. Nf6 Kg7 48. Ne8+ 1/2-1/2

[Event "Montreal Mercredi 02"]
[Site "Montreal CAN"]
[Date "2008.03.05"]
[Round "3"]
[White "Baran, Marius"]
[Black "Teasdale, Alain"]
[Result "1/2-1/2"]
[WhiteElo "1591"]
[BlackElo "1555"]
[PlyCount "113"]
[GameId "2160767910413417"]
[EventDate "2008.02.20"]
[EventType "tourn"]
[EventRounds "5"]
[EventCountry "CAN"]
[SourceTitle "EXT 2011"]
[Source "ChessBase"]
[SourceDate "2011.11.26"]
[SourceVersion "1"]
[SourceVersionDate "2011.11.26"]
[SourceQuality "1"]

1. d4 d5 2. c4 c6 3. Nf3 Nf6 4. Nc3 e6 5. cxd5 cxd5 6. Bg5 Be7 7. e3 Nc6 8. Bd3 a6 9. O-O O-O 10. Re1 h6 11. Bh4 b5 12. e4 dxe4 13. Nxe4 Nb4 14. a3 Nxd3 15. Qxd3 Bb7 16. Nc3 Bxf3 17. gxf3 Rc8 18. Rad1 Qc7 19. Bg3 Qc4 20. d5 Bxa3 21. dxe6 Bxb2 22. e7 Rfe8 23. Qxc4 Rxc4 24. Nd5 Nxd5 25. Rxd5 Rd4 26. Rxd4 Bxd4 27. Rd1 Bc5 28. Rd8 f6 29. Rxe8+ Kf7 30. Ra8 Bxe7 31. Rxa6 b4 32. Rb6 Bc5 33. Rb5 Be7 34. Rb7 Ke6 35. Kf1 g5 36. Ke2 f5 37. Rxe7+ Kxe7 38. Bc7 Ke6 39. Ba5 b3 40. Kd2 h5 41. Kc3 g4 42. Kxb3 gxf3 43. Kc4 Kf6 44. Bd8+ Ke5 45. Bc7+ Kf6 46. Kd4 Kg5 47. Ke3 Kg4 48. Bd8 f4+ 49. Ke4 Kh3 50. Kxf4 Kg2 51. Bb6 Kxh2 52. Kxf3 h4 53. Kg4 h3 54. f4 Kg2 55. f5 h2 56. f6 h1=Q 57. Bd8 1/2-1/2

[Event "Montreal Mercredi 02"]
[Site "Montreal CAN"]
[Date "2008.03.05"]
[Round "3"]
[White "Beladel, Brahim"]
[Black "Sonn, Eric"]
[Result "1-0"]
[WhiteElo "1691"]
[BlackElo "1652"]
[PlyCount "67"]
[GameId "2160767910413418"]
[EventDate "2008.02.20"]
[EventType "tourn"]
[EventRounds "5"]
[EventCountry "CAN"]
[SourceTitle "EXT 2011"]
[Source "ChessBase"]
[SourceDate "2011.11.26"]
[SourceVersion "1"]
[SourceVersionDate "2011.11.26"]
[SourceQuality "1"]

1. e4 e6 2. d4 d5 3. Nc3 Bb4 4. e5 c5 5. a3 Ba5 6. Nf3 Nc6 7. Bb5 Bd7 8. Bxc6 bxc6 9. dxc5 Ne7 10. b4 Bc7 11. Bg5 h6 12. Bh4 g5 13. Bg3 Ng6 14. Qe2 g4 15. Nd4 Qg5 16. O-O Bxe5 17. Rad1 a6 18. Rfe1 Bxg3 19. fxg3 O-O 20. Qd2 Qxd2 21. Rxd2 e5 22. Nb3 Be6 23. Na5 Rac8 24. Nb7 e4 25. Nd6 Rc7 26. Ne2 a5 27. Nd4 axb4 28. axb4 Bd7 29. c4 Ne7 30. b5 cxb5 31. N4xb5 Rxc5 32. Nxe4 Rxc4 33. Nf6+ Kg7 34. Nxd7 1-0

[Event "Montreal Mercredi 02"]
[Site "Montreal CAN"]
[Date "2008.03.05"]
[Round "3"]
[White "Bergeron, Rene"]
[Black "Chenard, Yanick"]
[Result "0-1"]
[WhiteElo "1539"]
[BlackElo "1450"]
[PlyCount "66"]
[GameId "2160767910413419"]
[EventDate "2008.02.20"]
[EventType "tourn"]
[EventRounds "5"]
[EventCountry "CAN"]
[SourceTitle "EXT 2011"]
[Source "ChessBase"]
[SourceDate "2011.11.26"]
[SourceVersion "1"]
[SourceVersionDate "2011.11.26"]
[SourceQuality "1"]

1. e4 d6 2. d4 Nf6 3. Nc3 c6 4. Nf3 Bg4 5. Be2 e6 6. O-O Be7 7. h3 Bh5 8. Nh2 Bg6 9. Bd3 Qb6 10. e5 Nd5 11. Bxg6 hxg6 12. Nxd5 cxd5 13. c4 dxc4 14. Be3 d5 15. b3 cxb3 16. axb3 Nc6 17. Nf3 Rc8 18. Rc1 Ba3 19. Rc2 Kd7 20. Ng5 f6 21. Nf7 Rhf8 22. Nd6 Bxd6 23. exd6 Kxd6 24. Bf4+ Kd7 25. Rd2 Ne7 26. Re1 Rc6 27. Qa1 Rfc8 28. Qa4 Qa6 29. Ra2 Qxa4 30. Rxa4 a6 31. g4 Rc3 32. Rb4 b5 33. Kg2 Nc6 0-1

[Event "Montreal Mercredi 02"]
[Site "Montreal CAN"]
[Date "2008.03.05"]
[Round "3"]
[White "Chesnut, Walter"]
[Black "Zhang, Zhiyuan"]
[Result "0-1"]
[WhiteElo "1498"]
[BlackElo "1479"]
[PlyCount "80"]
[GameId "2160767910413420"]
[EventDate "2008.02.20"]
[EventType "tourn"]
[EventRounds "5"]
[EventCountry "CAN"]
[SourceTitle "EXT 2011"]
[Source "ChessBase"]
[SourceDate "2011.11.26"]
[SourceVersion "1"]
[SourceVersionDate "2011.11.26"]
[SourceQuality "1"]

1. d4 d5 2. c4 e6 3. Nc3 Nf6 4. cxd5 exd5 5. Bg5 Be7 6. e3 O-O 7. Bd3 h6 8. Bh4 Nc6 9. Nge2 b6 10. O-O Bb7 11. f3 Kh8 12. Rc1 Re8 13. Bb1 Ng8 14. Qd3 g6 15. Bxe7 Rxe7 16. a3 Rd7 17. Nf4 Nge7 18. h4 h5 19. g4 hxg4 20. fxg4 Qg8 21. Kf2 a5 22. Rh1 Rf8 23. g5 Nd8 24. h5 Kg7 25. Ke2 Nf5 26. Rh3 Ne6 27. Nxe6+ fxe6 28. hxg6 Kxg6 29. Rg1 Rh7 30. Rh6+ Kg7 31. Qb5 Kh8 32. Rxh7+ Qxh7 33. Ke1 Qh4+ 34. Kd1 Nxe3+ 35. Kc1 Nc4 36. Ne2 c6 37. Qb3 Rf2 38. Qd1 Kg7 39. Rh1 Qxg5+ 40. Kc2 Ne3+ 0-1

[Event "Montreal Mercredi 02"]
[Site "Montreal CAN"]
[Date "2008.03.05"]
[Round "3"]
[White "Dardoura, Khaled"]
[Black "Cyr, Marcel"]
[Result "1-0"]
[WhiteElo "1401"]
[BlackElo "1384"]
[PlyCount "73"]
[GameId "2160767910413421"]
[EventDate "2008.02.20"]
[EventType "tourn"]
[EventRounds "5"]
[EventCountry "CAN"]
[SourceTitle "EXT 2011"]
[Source "ChessBase"]
[SourceDate "2011.11.26"]
[SourceVersion "1"]
[SourceVersionDate "2011.11.26"]
[SourceQuality "1"]

1. d4 d5 2. c4 dxc4 3. Nf3 e6 4. e3 Nc6 5. Bxc4 Bb4+ 6. Bd2 Bxd2+ 7. Nbxd2 Nf6 8. O-O O-O 9. Rc1 Bd7 10. a3 Rc8 11. b4 a6 12. Qc2 h6 13. Nb3 b5 14. Bd3 Nb8 15. Nc5 Bc6 16. Ne5 Ba8 17. Be2 Qe8 18. Bf3 Bxf3 19. gxf3 Qd8 20. Qb3 Qd5 21. Qxd5 exd5 22. Rc2 Rfe8 23. Rfc1 Re7 24. Nb7 Ne8 25. Rc5 c6 26. Na5 Rec7 27. Naxc6 Nd6 28. Nxb8 Rxc5 29. dxc5 Nc4 30. Nxc4 dxc4 31. Nd7 Rc7 32. Ne5 f6 33. Ng6 Rd7 34. Rc3 Rd3 35. Rxd3 cxd3 36. Kf1 Kf7 37. Nf4 1-0

[Event "Montreal Mercredi 02"]
[Site "Montreal CAN"]
[Date "2008.03.05"]
[Round "3"]
[White "Gauthier, Luc"]
[Black "Lemieux, Serge"]
[Result "0-1"]
[WhiteElo "1804"]
[BlackElo "1644"]
[PlyCount "40"]
[GameId "2160767910413422"]
[EventDate "2008.02.20"]
[EventType "tourn"]
[EventRounds "5"]
[EventCountry "CAN"]
[SourceTitle "EXT 2011"]
[Source "ChessBase"]
[SourceDate "2011.11.26"]
[SourceVersion "1"]
[SourceVersionDate "2011.11.26"]
[SourceQuality "1"]

1. e4 d6 2. d4 Nf6 3. Nc3 g6 4. Bc4 Bg7 5. Qe2 Nc6 6. e5 Ng4 7. e6 f5 8. d5 Nd4 9. Qd1 Ne5 10. Be3 Nxc4 11. Bxd4 Nxb2 12. Qd2 Nc4 13. Qd3 Ne5 14. Bxe5 Bxe5 15. Qb5+ c6 16. dxc6 O-O 17. Nge2 bxc6 18. Qc4 a5 19. O-O-O Rb8 20. Nd4 Rb4 0-1

[Event "Montreal Mercredi 02"]
[Site "Montreal CAN"]
[Date "2008.03.05"]
[Round "3"]
[White "Guindon, Alex"]
[Black "Berthiaume, Yves"]
[Result "1-0"]
[WhiteElo "1414"]
[BlackElo "1337"]
[PlyCount "131"]
[GameId "2160767910413423"]
[EventDate "2008.02.20"]
[EventType "tourn"]
[EventRounds "5"]
[EventCountry "CAN"]
[SourceTitle "EXT 2011"]
[Source "ChessBase"]
[SourceDate "2011.11.26"]
[SourceVersion "1"]
[SourceVersionDate "2011.11.26"]
[SourceQuality "1"]

1. d4 d5 2. Nf3 c5 3. dxc5 Nc6 4. e4 dxe4 5. Qxd8+ Nxd8 6. Bb5+ Nc6 7. Ne5 a6 8. Bxc6+ bxc6 9. Nxc6 Nf6 10. O-O Bf5 11. b4 e6 12. Bf4 Nd5 13. Bd2 Rc8 14. Nd4 Rb8 15. a3 Bg6 16. c4 Nf6 17. Bf4 Rc8 18. Nc3 e3 19. Bxe3 Bd3 20. Rfd1 Bxc4 21. Rac1 Nd5 22. Na4 Bb5 23. Nc3 Nxc3 24. Rxc3 Be7 25. Nxb5 axb5 26. a4 bxa4 27. Ra3 Ra8 28. Rda1 O-O 29. Rxa4 Rab8 30. Rb1 Rfc8 31. Rc1 Rc6 32. Bd2 h6 33. Kf1 Bf6 34. Ra2 Bg5 35. Bxg5 hxg5 36. Rb1 Rxc5 37. Ra8 Rcb5 38. Rxb8+ Rxb8 39. Ke2 Kf8 40. Kd3 Ke7 41. b5 Kd7 42. Kc4 Kc7 43. Kc5 Kb7 44. Rd1 Rc8+ 45. Kb4 Rc2 46. Rd7+ Rc7 47. Rxc7+ Kxc7 48. Kc5 f5 49. b6+ Kb7 50. Kd6 Kxb6 51. Kxe6 f4 52. Kf5 Kc5 53. Kxg5 Kd5 54. Kxf4 Ke6 55. Kg5 Kf7 56. f4 g6 57. g4 Kg7 58. h4 Kh7 59. h5 Kg7 60. hxg6 Kg8 61. Kh6 Kh8 62. f5 Kg8 63. f6 Kh8 64. g7+ Kg8 65. g5 Kf7 66. Kh7 1-0

[Event "Montreal Mercredi 02"]
[Site "Montreal CAN"]
[Date "2008.03.05"]
[Round "3"]
[White "Maharisoa, Tantely"]
[Black "Landry, Martin"]
[Result "1-0"]
[WhiteElo "1576"]
[BlackElo "1557"]
[PlyCount "67"]
[GameId "2160767910413424"]
[EventDate "2008.02.20"]
[EventType "tourn"]
[EventRounds "5"]
[EventCountry "CAN"]
[SourceTitle "EXT 2011"]
[Source "ChessBase"]
[SourceDate "2011.11.26"]
[SourceVersion "1"]
[SourceVersionDate "2011.11.26"]
[SourceQuality "1"]

1. d4 Nf6 2. c4 e6 3. Nf3 c5 4. e3 cxd4 5. exd4 d5 6. Bd3 h6 7. Nc3 Nc6 8. h3 a6 9. cxd5 Nxd5 10. a3 b5 11. Be4 Be7 12. O-O O-O 13. Re1 Bb7 14. Nxd5 exd5 15. Bd3 Bf6 16. Be3 Qd6 17. Qd2 g5 18. Rac1 b4 19. Rc5 Rac8 20. axb4 Be7 21. Nxg5 hxg5 22. Bxg5 f5 23. Rxc6 Qxc6 24. Bxe7 Rf7 25. Qg5+ Rg7 26. Qd2 Qg6 27. g3 Re8 28. Bc5 Rxe1+ 29. Qxe1 Bc8 30. Qe5 Qh5 31. Qxd5+ Kh8 32. Kh2 Bb7 33. Qxf5 Qd1 34. Qf8+ 1-0

[Event "Montreal Mercredi 02"]
[Site "Montreal CAN"]
[Date "2008.03.05"]
[Round "3"]
[White "Turcotte, Jonathan"]
[Black "Millette, Sylvain"]
[Result "1-0"]
[WhiteElo "1590"]
[BlackElo "1625"]
[PlyCount "113"]
[GameId "2160767910413425"]
[EventDate "2008.02.20"]
[EventType "tourn"]
[EventRounds "5"]
[EventCountry "CAN"]
[SourceTitle "EXT 2011"]
[Source "ChessBase"]
[SourceDate "2011.11.26"]
[SourceVersion "1"]
[SourceVersionDate "2011.11.26"]
[SourceQuality "1"]

1. d4 Nf6 2. c4 g6 3. Nf3 Bg7 4. g3 d5 5. cxd5 Qxd5 6. Nc3 Qa5 7. Bg2 O-O 8. O-O Nd5 9. Qb3 Nxc3 10. bxc3 Nd7 11. Ba3 Nb6 12. Bxe7 Re8 13. Bb4 Qd5 14. Rfe1 Qxb3 15. axb3 Nd5 16. Ba5 b6 17. Nd2 c6 18. e4 Be6 19. exd5 cxd5 20. Bb4 a5 21. Bd6 Rac8 22. Rac1 Rc6 23. Bf4 Rec8 24. Nb1 b5 25. Bf1 b4 26. cxb4 axb4 27. Bb5 Rxc1 28. Rxc1 Rxc1+ 29. Bxc1 Bxd4 30. Be3 Bb2 31. Bd2 Bf5 32. Bxb4 Bxb1 33. Bc6 d4 34. Kf1 Kg7 35. Ke2 Kf6 36. Bd5 d3+ 37. Kd2 Bd4 38. Bc3 Bxc3+ 39. Kxc3 Ke7 40. Bc4 d2 41. Kxd2 Be4 42. Ke3 Bb7 43. Kd4 f6 44. Bd5 Ba6 45. Kc5 Kd7 46. b4 Kc7 47. b5 Bc8 48. b6+ Kd7 49. b7 Bxb7 50. Bxb7 f5 51. f4 Ke6 52. Bd5+ Kf6 53. Kd6 g5 54. fxg5+ Kxg5 55. Ke5 h5 56. Be6 h4 57. Bxf5 1-0

[Event "Montreal Mercredi 02"]
[Site "Montreal CAN"]
[Date "2008.03.12"]
[Round "4"]
[White "Baran, Marius"]
[Black "Turcotte, Jonathan"]
[Result "0-1"]
[WhiteElo "1591"]
[BlackElo "1590"]
[PlyCount "68"]
[GameId "2160767910413426"]
[EventDate "2008.02.20"]
[EventType "tourn"]
[EventRounds "5"]
[EventCountry "CAN"]
[SourceTitle "EXT 2011"]
[Source "ChessBase"]
[SourceDate "2011.11.26"]
[SourceVersion "1"]
[SourceVersionDate "2011.11.26"]
[SourceQuality "1"]

1. d4 Nf6 2. c4 e6 3. a3 d5 4. Nc3 c6 5. Nf3 dxc4 6. e4 b5 7. Bg5 h6 8. Bh4 g5 9. Bg3 Bb7 10. h4 g4 11. Ne5 h5 12. f3 Bd6 13. Be2 Rg8 14. Bf4 Qc7 15. Bg5 Bxe5 16. dxe5 Nfd7 17. f4 Na6 18. b3 cxb3 19. Qxb3 Nac5 20. Qc2 a5 21. O-O Kf8 22. Rfd1 Kg7 23. Rab1 Qb6 24. Kh2 b4 25. Na4 Nxa4 26. Rxd7 Nc3 27. Bf6+ Kh6 28. Rb2 Qe3 29. Rxf7 Nxe4 30. Bg5+ Kg6 31. Rf6+ Kg7 32. Rb3 g3+ 33. Kh1 Nf2+ 34. Kg1 Nh3+ 0-1

[Event "Montreal Mercredi 02"]
[Site "Montreal CAN"]
[Date "2008.03.12"]
[Round "4"]
[White "Berthiaume, Yves"]
[Black "Cyr, Marcel"]
[Result "1/2-1/2"]
[WhiteElo "1337"]
[BlackElo "1384"]
[PlyCount "68"]
[GameId "2160767910413427"]
[EventDate "2008.02.20"]
[EventType "tourn"]
[EventRounds "5"]
[EventCountry "CAN"]
[SourceTitle "EXT 2011"]
[Source "ChessBase"]
[SourceDate "2011.11.26"]
[SourceVersion "1"]
[SourceVersionDate "2011.11.26"]
[SourceQuality "1"]

1. e4 e5 2. Bc4 Nf6 3. d3 h6 4. Nc3 d6 5. h3 Nc6 6. f4 exf4 7. Nf3 Be7 8. Bxf4 Na5 9. Bb3 Nxb3 10. axb3 a6 11. O-O O-O 12. Nd4 Bd7 13. Nf5 Bxf5 14. exf5 c6 15. Qf3 d5 16. Be3 d4 17. Bxh6 gxh6 18. Ne2 Rb8 19. Qf4 Kh7 20. Qf3 Rg8 21. Ng3 Qd5 22. Ne4 Rbd8 23. Rae1 Rg7 24. Rf2 Rdg8 25. Qe2 Qd8 26. Ref1 Qc7 27. Kh1 c5 28. Rg1 Nxe4 29. Qxe4 Bf6 30. g4 Qc6 31. Qxc6 bxc6 32. Rfg2 Bg5 33. Rf1 Be3 34. Ra1 Ra8 1/2-1/2